奈良県の市町村 (2000年) - Statistics

General Stats
  • This quiz has been taken 47 times
    32 since last reset
  • The average score is 40 of 47
Answers on the Map
Answers color-coded by a green-red scale on the quiz's map according to % correct below.
 
Answer Stats
ヒント 市町村名 % Correct
奈良市ならし
100%
大和高田市やまとたかだし
100%
天理市てんりし
100%
生駒市いこまし
100%
吉野郡 吉野町よしのちょう
100%
吉野郡 十津川村とつかわむら
100%
大和郡山市やまとこおりやまし
96%
桜井市さくらいし
96%
五條市ごじょうし
96%
生駒郡 斑鳩町いかるがちょう
96%
橿原市かしはらし
92%
御所市ごせし
92%
生駒郡 安堵町あんどちょう
92%
北葛城郡 王寺町おうじちょう
92%
吉野郡 野迫川村のせがわむら
92%
吉野郡 下北山村しもきたやまむら
92%
吉野郡 上北山村かみきたやまむら
92%
吉野郡 東吉野村ひがしよしのむら
92%
香芝市かしばし
88%
生駒郡 平群町へぐりちょう
88%
宇陀郡 曽爾村そにむら
88%
山辺郡 山添村やまぞえむら
85%
磯城郡 川西町かわにしちょう
85%
磯城郡 田原本町たわらもとちょう
85%
宇陀郡 御杖村みつえむら
85%
高市郡 明日香村あすかむら
85%
吉野郡 黒滝村くろたきむら
85%
吉野郡 天川村てんかわむら
85%
生駒郡 三郷町さんごうちょう
81%
北葛城郡 広陵町こうりょうちょう
81%
北葛城郡 河合町かわいちょう
81%
吉野郡 大淀町おおよどちょう
81%
添上郡 月ヶ瀬村つきがせむら
77%
磯城郡 三宅町みやけちょう
77%
宇陀郡 大宇陀町おおうだちょう
77%
宇陀郡 榛原町はいばらちょう
77%
宇陀郡 室生村むろうむら
77%
北葛城郡 上牧町かんまきちょう
77%
吉野郡 下市町しもいちちょう
77%
吉野郡 川上村かわかみむら
77%
吉野郡 西吉野村にしよしのむら
73%
山辺郡 都祁村つげむら
69%
北葛城郡 新庄町しんじょうちょう
69%
吉野郡 大塔村おおとうむら
65%
高市郡 高取町たかとりちょう
62%
宇陀郡 菟田野町うたのちょう
58%
北葛城郡 當麻町たいまちょう
58%
No matching quizzes found
Score Distribution
Percent of People with Each Score
Percentile by Number Answered
Your Score History
You have not taken this quiz since the last reset